|
|
|
|
| LEADER |
00995nam a2200253 a 4500 |
| 001 |
686994 |
| 008 |
091230s1995 bg b 000 0 eng d |
| 010 |
|
|
|a 95906548
|
| 040 |
|
|
|a DLC
|c DLC
|d DLC
|d BD-DhAAL
|
| 082 |
0 |
4 |
|a 305.4332095492
|2 20
|
| 245 |
0 |
0 |
|a Women in politics and bureaucracy /
|c editors, Jahanara Huq ... [et al.].
|
| 250 |
|
|
|a 1st ed.
|
| 260 |
|
|
|a Dhaka :
|b Women for Women,
|c 1995.
|
| 300 |
|
|
|a iv, 115 p. ;
|c 23 cm.
|
| 520 |
|
|
|a With reference to Bangladesh; contributed articles.
|
| 504 |
|
|
|a Includes bibliographical references.
|
| 541 |
1 |
|
|e 00005426
|
| 650 |
|
0 |
|a Women Politicians
|z Bangladesh.
|
| 651 |
|
0 |
|a Bangladesh
|x Politics and government.
|
| 700 |
1 |
|
|a Huq, Jahanara.
|
| 710 |
2 |
|
|a Women for Women (Organization : Bangladesh)
|
| 852 |
4 |
|
|a Ayesha Abed Library
|j General Shelf.
|
| 999 |
|
|
|c 6527
|d 6527
|
| 952 |
|
|
|0 0
|1 0
|2 ddc
|4 0
|6 305_433209549200000_WOM_1995
|7 0
|9 6625
|a BRACUL
|b BRACUL
|c GEN
|d 2009-12-30
|g 100.00
|l 0
|o 305.4332095492 WOM
|p 3010005426
|r 2009-12-30
|t 1
|w 2009-12-30
|y BK
|